[Event "Oslo Cup"]
[Site "Oslo"]
[Date "1991.??.??"]
[Round "6"]
[White "Shabalov, Alexander"]
[Black "Tisdall, Jonathan D"]
[Result "0-1"]
[WhiteElo "2505"]
[BlackElo "2435"]
[Annotator "Ftacnik,L"]
[PlyCount "106"]
[EventDate "1991.03.??"]
[EventType "tourn"]
[EventRounds "9"]
[EventCountry "NOR"]
[EventCategory "9"]
[SourceTitle "CBM 023"]
[Source "ChessBase"]
[SourceDate "1991.08.01"]
[SourceVersion "1"]
[SourceVersionDate "1991.08.01"]
[SourceQuality "1"]

1. d4 Nf6 2. c4 e6 3. Nc3 d5 4. Nf3 Be7 5. Bf4 O-O 6. e3 c5 7. dxc5 Bxc5 8. Qc2
Nc6 9. a3 Qa5 10. O-O-O Bd7 11. g4 Rfc8 12. h4 $6 {N} (12. Kb1 b5 13. cxb5 Ne7
14. Nd2 Qd8 15. Nb3 $2 Ne4 $1 16. Nxc5 Rxc5 17. Be5 Nxc3+ 18. Bxc3 Bxb5 19.
Bxb5 Rxb5 20. h4 Rc8 $17 {Gelfand,B-Beliavsky,A/Linares/1991/ ->CBM 22}) 12...
b5 $1 13. cxb5 Ne7 14. Kb1 (14. Nd2 Bxa3 15. Nb3 Qxc3 $1) 14... Bxa3 15. Qa4 (
15. Be5 Ne4 $40) 15... Bb4 16. Qxa5 Bxa5 17. Bd6 (17. g5 Bxc3 18. gxf6 Bxf6 $19
) 17... Bxc3 18. Bxe7 Nxg4 $1 19. bxc3 Nxf2 20. Be2 Nxh1 21. Rxh1 Rxc3 22. Rh2
(22. Bg5 Bxb5 23. Kb2 Bxe2 24. Kxc3 Bxf3 $19) 22... Bxb5 $1 23. Bxb5 Rb3+ 24.
Kc2 Rxb5 25. Nd4 Rc8+ 26. Kd3 Rb7 $19 27. Bd6 Rb6 28. Bg3 f6 29. Ra2 e5 30. Nf5
Rc7 31. Ra5 Rd7 32. Rc5 Kf7 33. Be1 Ke6 34. Ng3 f5 35. Rc8 Rb3+ 36. Kd2 g6 37.
Rc6+ Rd6 38. Rc7 Rd7 39. Rc6+ Kf7 40. Ne2 Rb6 41. Rc8 a5 42. Kd3 Ra6 43. Bc3
Re7 44. Bb2 a4 45. Ba3 Rb7 46. Nc1 f4 47. exf4 exf4 48. Kd4 Rf6 49. Nd3 f3 50.
Rc2 Rb3 51. Bc5 a3 52. Rf2 h6 53. Rd2 f2 {Ftacnik,L} (53... f2 54. Nxf2 Rb2 $19
) 0-1

[Event "Moscow Tal Memorial 2nd"]
[Site "Moscow"]
[Date "2007.11.11"]
[Round "2"]
[White "Carlsen, Magnus"]
[Black "Alekseev, Evgeny V"]
[Result "1/2-1/2"]
[WhiteElo "2714"]
[BlackElo "2716"]
[Annotator "Ftacnik,L"]
[PlyCount "90"]
[EventDate "2007.11.10"]
[EventType "tourn"]
[EventRounds "9"]
[EventCountry "RUS"]
[EventCategory "20"]
[SourceTitle "CBM 122"]
[Source "ChessBase"]
[SourceDate "2008.01.30"]
[SourceVersion "1"]
[SourceVersionDate "2008.01.30"]
[SourceQuality "1"]

1. d4 d5 2. c4 e6 3. Nc3 Be7 4. Nf3 Nf6 5. Bf4 O-O 6. e3 Nbd7 7. cxd5 Nxd5 8.
Nxd5 exd5 9. Be2 Bb4+ $1 {An important move, that lures the white knight on to
the lesser square d2.} 10. Nd2 Nf6 11. O-O Bd6 12. Bg5 h6 13. Bh4 c6 14. Qc2
Re8 (14... g6 15. f3 Bf5 16. e4 g5 17. Bf2 Bg6 18. Bd3 dxe4 19. fxe4 Ng4 20.
Nf3 Nxf2 21. Rxf2 Bf4 22. Kh1 Be3 23. Re2 Bxd4 24. e5 Bxd3 25. Qxd3 c5 26. e6
Bg7 27. Qc4 {1/2 Tregubov,P (2609)-Gonzalez Garcia,J (2541)/Merida 2007}) 15.
Rab1 g6 16. Bxf6 $6 {The eternal optimism of youth! The exchange of the bishop
for the knight f6 is typical for this pawn structure, but usually White has
more minor pieces left supporting the queenside attack.} (16. Bd3 Kg7 17. Bg3
Bxg3 18. hxg3 $11) 16... Qxf6 17. b4 a6 18. a4 h5 19. b5 (19. Bd3 Kg7 20. Qc3
h4 21. h3 Bc7 $15) 19... Bf5 20. Bd3 Bxd3 21. Qxd3 cxb5 $1 {Brave, but
absolutely the correct solution. The passed pawn on the a-file is strong and
the d5 weakness defendable.} (21... axb5 22. axb5 Ra3 23. Rb3 Rea8 24. Nf3 $11)
22. axb5 a5 23. Qb3 Qf5 (23... a4 $2 24. Qxd5 Qe7 25. Nc4 $14) 24. Qa4 Rec8 (
24... Qd3 25. Nf3 (25. Rfd1 Rec8 26. b6 Qc2 27. Qd7 Qc6 28. Qxc6 Rxc6 29. e4
$15) 25... Qc4 26. Qxc4 dxc4 27. Rfc1 Rec8 28. e4 a4 $15) 25. b6 Qc2 26. Nb3 $1
{Carlsen deserves full praise for composing his mind enough for the difficult
defensive task.} (26. Qxc2 Rxc2 27. Nb3 a4 $17) 26... Qc6 (26... Qc4 $5 27. Qa1
(27. Ra1 $6 Qxa4 28. Rxa4 Bb4 29. Rfa1 Rc4 30. g3 Bc3 31. R1a2 Rxa4 32. Rxa4
Ra6 $17) 27... Qa6 (27... a4 28. Rfc1 axb3 29. Rxc4 dxc4 30. Qc3 Ra2 31. g3 Bf8
$15) 28. Qa4 Rc6 29. g3 Bb4 (29... Qc4 30. Qa1 Rxb6 31. Rfc1 Qe2 32. Nc5 $13)
30. Rfc1 Rxb6 31. Nc5 Bxc5 32. dxc5 Rxb1 33. Rxb1 Qc6 $17) 27. Qa1 Bb4 (27...
a4 28. Rfc1 Bxh2+ 29. Kxh2 Qd6+ 30. Kg1 axb3 31. Rxc8+ Rxc8 32. Rxb3 Rc2 $15)
28. Nc5 $5 Qxb6 (28... Bxc5 29. dxc5 a4 (29... Qxc5 30. Rfc1 Qd6 31. Rxc8+ Rxc8
32. Qxa5 $11) 30. Rfc1 Re8 31. Qa3 Re4 $17) 29. Nd3 Qd6 {Alekseev must have
been satisfied with the progress he has made. A better position and an extra
pawn promise him fair winning chances.} 30. Qa2 Ra6 31. g3 Rc3 32. Rb3 $1 (32.
Nf4 Rc4 33. Qa4 Qc6 $17) 32... Rxb3 33. Qxb3 Rc6 34. Qa4 (34. Nf4 Rc4 35. Ra1
Qc6 $17) 34... Kg7 (34... Rc4 35. Nxb4 axb4 36. Qa8+ Kg7 37. Qxb7 $15) 35. Rb1
{[%mdl 256] Amazingly enough White has managed to organize his resistance on
the queenside so flexibly, that Black will find it very challenging to make
progress.} Rc4 (35... Rb6 36. Rc1 f6 37. Rc8 Rc6 38. Ra8 $15) 36. Ne5 Rc7 (
36... Rc3 37. Qb5 Rc7 38. Qa4 $1 (38. Kg2 f6 39. Nd3 Qc6 40. Qxc6 bxc6 $17)
38... f6 39. Nd3 $14) 37. Nd3 Qc6 38. Qa2 {White's queen has to stay on the
board to create tension against the black pawns.} (38. Qxc6 bxc6 $17) 38... Qb5
(38... Qc4 39. Nxb4 axb4 40. Qa5 $11) 39. Qb3 Rc6 (39... Rc4 40. Ne5 Rc7 41.
Nd3) 40. Kg2 (40. Nxb4 axb4 41. Qxb4 $2 Rc1+ $19) 40... Qc4 41. Qd1 {White is
not dreaming about activity, as his defensive set up is ideal.} (41. Nxb4 Qxb3
42. Rxb3 Rb6 43. Rc3 axb4 44. Rb3 Kf6 $17) 41... Qb5 (41... Rb6 42. Ne5 Qa2 43.
Nd3 Rf6 44. Rb2) 42. Qb3 Rc4 43. Ne5 Rc7 44. Nd3 Rc4 45. Ne5 Rc7 {Frustrating
for Alekseev, but ideas for improvement are simply lacking.} 1/2-1/2

[Event "Novgorod"]
[Site "Novgorod"]
[Date "1995.05.31"]
[Round "5"]
[White "Kasparov, Garry"]
[Black "Vaganian, Rafael A"]
[Result "1-0"]
[WhiteElo "2805"]
[BlackElo "2640"]
[Annotator "Ftacnik,L"]
[PlyCount "47"]
[EventDate "1995.05.??"]
[EventType "tourn"]
[EventRounds "9"]
[EventCountry "RUS"]
[EventCategory "17"]
[SourceTitle "CBM 048"]
[Source "ChessBase"]
[SourceDate "1995.10.01"]
[SourceVersion "1"]
[SourceVersionDate "1995.10.01"]
[SourceQuality "1"]

1. d4 {Baburin King Dolmatov} e6 2. c4 d5 3. Nc3 Be7 4. Nf3 Nf6 5. Bf4 O-O 6.
e3 c5 7. dxc5 Bxc5 8. Qc2 Nc6 9. a3 Qa5 10. O-O-O {[%csl Ya3] Well established
line, but with pawn on a3 defender can reasonably hope to strike back.} Be7 11.
h4 $5 (11. Nd2 e5 12. Bg3 $5 d4 13. Nb3 Qb6 14. c5 Qd8 15. exd4 Nxd4 16. Nxd4
exd4 17. Nb5 Bd7 $1 18. Rxd4 Rc8 19. Nd6 Bxd6 20. Bxd6 Re8 21. Bc4 b6 22. b4
bxc5 23. Bxc5 Qc7 24. Rhd1 {Ftacnik,L-Klovans,J/Erfurt/1993/1-0 (34)}) (11. Nb5
dxc4 12. Bxc4 Bd7 13. Bc7 b6 14. Rxd7 Nxd7 15. Qe4 a6 16. Qxc6 axb5 17. Qxd7
Bxa3 18. Qxb5 Rfc8 19. bxa3 Rxc7 20. Kb1 Qxa3 21. Rc1 Rac8 22. Nd2 Qd6 23. Nb3
{Deak,S-Bauer,T/HUN-chT 9293/1993/0-1 (23)}) (11. Bg5 Rd8 12. Bd3 dxc4 13. Bxc4
Bd7 14. Kb1 Rac8 15. h4 Ne5 16. Nxe5 Qxe5 17. Rd4 Bc6 18. Rhd1 Rxd4 19. exd4
Qc7 20. Bd3 h6 21. Be3 Nd5 22. Nxd5 Bxd5 23. Qxc7 Rxc7 {Kveinis,A-Klovan,Y/
Groningen op (3)/1991/0.5 (24)}) (11. g4 dxc4 12. Bxc4 e5 (12... a6 {Dolmatov}
13. Bd3 Kh8 14. g5 {Ivanchuk,V-Ehlvest,J/Novgorod super(05)/1995/}) 13. g5)
11... dxc4 (11... Rd8 12. g4 Bd7 13. Kb1 dxc4 14. Bxc4 Rac8 15. g5 Nh5 16. Bd6
g6 17. Be2 Bxd6 18. Rxd6 Ne7 19. Qb3 Bc6 20. Rxd8+ Rxd8 21. Rd1 Qf5+ 22. Ka1
Rf8 23. e4 Qc5 24. Qb4 $14 {Kasparov,G-Ehlvest,J/Novgorod PCA (7)/1995/0.5 (43)
}) 12. Bxc4 b6 (12... e5 13. Bg5 Bg4 14. Nd5 $14) 13. Ng5 Ba6 (13... h6 14.
Nge4 $36) 14. Nce4 g6 (14... Nxe4 15. Qxe4 g6 (15... Bxg5 $2 16. hxg5 g6 17.
Bxa6 Qxa6 18. Qxc6 Rac8 19. Bc7 Rxc7 20. Qxc7 Rc8 21. Rd8+ $18) 16. Nxf7 $5 (
16. Bxa6 Qxa6 17. Qxc6 Rac8 18. Bc7 Rxc7 19. Qxc7 Rc8) (16. Bxe6 {Dolmatov}
fxe6 17. Qxe6+ Kh8 18. Rd5 Qa4 19. Be5+ Nxe5 20. Qxe7 $40) 16... Rxf7 (16...
Bxc4 17. Nh6+ Kg7 18. Qxc4 e5 19. Bg5 $16) (16... Qc5 17. Nd6 Bxc4 18. b4 Bd5+
19. bxc5 Bxe4 20. Nxe4 $16) 17. Qxe6 Bxc4 18. Qxc6 $18) 15. Nxf6+ Bxf6 16. Ne4
(16. Bxa6 Qxa6 17. Qxc6 Rac8 18. Bc7 Rxc7 19. Qxc7 Rc8 20. Qxc8+ Qxc8+ 21. Kb1
$13) 16... Be7 (16... Bg7 17. Bxa6 Qxa6 18. Qxc6 e5 (18... Rac8 19. Bc7 $18 (
19. Bc7 Rxc7 20. Qxc7 Rc8 21. Rd8+ $18)) 19. Bxe5 (19. Nf6+ $16 {Dolmatov})
19... Bxe5 20. Kb1 $16) 17. Bxa6 Qxa6 18. Kb1 (18. Qxc6 Rfc8 19. Bc7 Rxc7 20.
Qxc7 Rc8 $13) 18... Qb7 $6 {Baburin The g6P invites White to open the h-file
by h4-h5xg6, while the same idea of a pawn storm is not that easy for Black.
White starts first, which is very important in such situations.} (18... Rac8
19. h5 (19. Qc3 {Dolmatov} Na5 20. Nf6+ Kh8 21. Qe5 Nc6) (19. Bd6 Na5 $132)
19... Nb4 (19... Nd4 20. Qd2 Nb5 $132) 20. Qb3 Nd5 21. hxg6 hxg6 22. Be5 $16)
19. h5 $1 {King Kasparov's strategy has worked perfectly. A target was created
(...g6) which enables a file to be opened. Compare with Ivanchuk - Ehlvest
where Black refused to commit the kingside pawns. Ftacnik K on the opposite
sides force both players into resolute actions.} Rac8 (19... e5 20. hxg6 hxg6
21. Rh6 $40) 20. hxg6 Nb4 $2 (20... hxg6 21. Qc3 f6 22. Qb3 Nd8 23. f3 $16) 21.
gxh7+ Kh8 (21... Kg7 22. Be5+ f6 (22... Kg6 23. Nc5+ Nxc2 24. Nxb7 $18) 23.
Nxf6 Nxc2 (23... Bxf6 24. Bxf6+ Rxf6 25. Qxc8 $1 Qxc8 26. h8=Q+ Qxh8 27. Rd7+
$18) (23... Rxf6 24. axb4 $18) 24. Rd7 Qxg2 25. Ng8+ Kg6 26. h8=Q $18) 22. Be5+
f6 23. Nxf6 $1 {[%csl Yd8,Ye8,Yf8,Yg8,Yh8] Combination, that pleases the eye,
is based on the weakness of the back rank.} Bxf6 (23... Nxc2 24. Nd5+ Bf6 (
24... Rf6 25. Nxf6 $18) 25. Nxf6 Qg7 26. Ng4 $18) (23... Rxf6 {Dolmatov} 24.
Qg6 $18) 24. Bxf6+ (24. Bxf6+ Rxf6 25. axb4 $18 (25. Qc3 $3 {Dolmatov} Qe4+ 26.
Ka1 Nc2+ 27. Ka2 $18)) 1-0

[Event "Biel"]
[Site "Biel"]
[Date "1992.??.??"]
[Round "3"]
[White "Beliavsky, Alexander G"]
[Black "Georgiev, Kiril"]
[Result "1/2-1/2"]
[WhiteElo "2595"]
[BlackElo "2610"]
[Annotator "Ftacnik,L"]
[PlyCount "66"]
[EventDate "1992.07.??"]
[EventType "tourn"]
[EventRounds "14"]
[EventCountry "SUI"]
[EventCategory "16"]
[SourceTitle "CBM 031"]
[Source "ChessBase"]
[SourceDate "1992.12.01"]
[SourceVersion "1"]
[SourceVersionDate "1992.12.01"]
[SourceQuality "1"]

1. Nf3 d5 2. d4 Nf6 3. c4 e6 4. Nc3 Be7 5. Bf4 O-O 6. e3 c5 7. dxc5 Bxc5 8.
cxd5 Nxd5 9. Nxd5 exd5 10. a3 Nc6 11. Bd3 Bb6 12. O-O Bg4 13. h3 Bh5 14. b4 a6
15. Rc1 (15. Ra2 d4 16. e4 Bc7 17. Bxc7 Qxc7 18. g4 $2 Bg6 19. Re2 Rfe8 20. Qd2
Rad8 $15 {Seirawan,Y-Georgiev,Kir/Dubai ol/1986/}) 15... d4 16. g4 Bg6 17. e4
Re8 18. Nd2 Rc8 19. Bg3 f6 20. b5 $6 (20. f4 Bc7 21. h4 $13) 20... axb5 21.
Qb3+ Kh8 22. Qxb5 Bc7 $1 23. Qxb7 (23. f4 Rb8 $1 $132) 23... Bxg3 24. Rxc6 $1 (
24. fxg3 Ne5 $15) 24... Rb8 25. Qa7 Bf4 26. Nf3 Bxe4 $1 (26... Rb3 27. Rd1 Rxd3
28. Rxd3 Bxe4 29. Rxd4 Bxf3 30. Rxd8 Rxd8 31. Qd4 $3 $18) 27. Bxe4 Rxe4 28. Rd1
Qe8 (28... d3 $2 29. Rxd3 $1 Rb1+ 30. Kg2 $16) 29. Rc4 d3 $1 30. Rd4 $1 Ra8 31.
Qc5 d2 32. Nxd2 Rxd4 33. Qxd4 Bxd2 {Ftacnik,L} (33... Bxd2 34. Qxd2 Rxa3 35.
Qd8 Ra8 $10) 1/2-1/2

[Event "Barcelona Casino"]
[Site "Barcelona"]
[Date "2007.10.20"]
[Round "3"]
[White "Illescas Cordoba, Miguel"]
[Black "Narciso Dublan, Marc"]
[Result "1-0"]
[WhiteElo "2598"]
[BlackElo "2546"]
[Annotator "Ftacnik,L"]
[PlyCount "101"]
[EventDate "2007.10.18"]
[EventType "tourn"]
[EventRounds "9"]
[EventCountry "ESP"]
[EventCategory "15"]
[SourceTitle "CBM 121"]
[Source "ChessBase"]
[SourceDate "2007.11.14"]
[SourceVersion "1"]
[SourceVersionDate "2007.11.14"]
[SourceQuality "1"]

1. d4 d5 2. c4 e6 3. Nc3 Be7 4. Nf3 Nf6 5. Bf4 O-O 6. e3 c5 7. dxc5 Qa5 {
Narciso Dublan specializes in this line. Black wants to avoid well known
positions after the most common recapturing with the bishop.} 8. Nd2 Qxc5 9. a3
Nc6 (9... dxc4 10. Bxc4 (10. Nxc4 Rd8 11. Qc2 Nd5 12. Be5 f6 $13) 10... Rd8 11.
Rc1 Nc6 (11... Rxd2 $2 12. Qxd2 Qxc4 13. Ne2) 12. b4 Qf5 13. Bg3 Nh5 14. Bc7
Rd7 15. g4 Qf6 16. b5 Rxc7 17. bxc6 Rxc6 18. Ncb1 b5 19. Bxb5 Rxc1 20. Qxc1 Bb7
21. Rf1 Qe5 22. Qc4 Rc8 23. Qd3 Rc1+ 24. Ke2 Nf4# {0-1 Benko,P (2515)-Ivkov,B 
(2520)/Tel Aviv 1964}) 10. b4 Qb6 11. cxd5 Nxd5 {Objectively more challenging
for White would have been to keep all the minor pieces on the board. The party
with an isolated pawn should hope for piece play...} (11... exd5 $5 12. Nf3 (
12. Nb3 Bg4 13. Be2 Bxe2 14. Qxe2 (14. Nxe2 a5 $17) 14... Rfc8 $15) (12. Bd3 d4
13. Na4 Qd8 $15) 12... Bg4 (12... a5 $6 13. b5 $15) 13. Be2 (13. Nxd5 $2 Nxd5
14. Qxd5 Nxb4 $19) 13... Bxf3 (13... Nxb4 14. Na4 $1 Qa5 15. axb4 Qxb4+ 16. Qd2
$16) (13... Rfd8 $2 14. Na4 Bxb4+ 15. Kf1 Qa5 16. axb4 Qxb4 17. Rb1 $16) (13...
a6 14. O-O Rfd8 $13) 14. Bxf3 d4 15. exd4 Nxd4 $11) 12. Nxd5 exd5 13. Bd3 g6 (
13... d4 $6 14. O-O $36) (13... Rd8 14. O-O Bf6 15. Rc1 g6 (15... Be6 $2 16. b5
Ne5 17. Bxe5 Bxe5 18. Bxh7+ Kxh7 19. Qh5+ Kg8 20. Qxe5 Qxb5 21. Ne4 $16) 16.
Rc5 Ne5 $13) 14. O-O Bf6 15. Rc1 Ne5 (15... Bb2 $6 16. Rc5 Bxa3 $2 (16... Be6
17. Rb5 Qa6 18. a4 $16) 17. Rb5 Qd8 18. Qb3 Bxb4 19. Rxb4 Nxb4 20. Qxb4 $16) (
15... Re8 16. Nf3 (16. Qf3 Ne5 17. Bxe5 Rxe5 $11) 16... a6 $14) 16. Nb3 (16.
Nf3 Bg4 (16... Nxd3 17. Qxd3 Be6 (17... Bf5 18. Qxd5 Rfd8 19. Qa2 $16) 18. Bc7
Qa6 19. Qxa6 bxa6 20. Be5 $16) 17. Be2 Nxf3+ 18. Bxf3 Bxf3 19. Qxf3 Qe6 (19...
Bb2 20. Rb1 Bxa3 $2 21. Bh6 Rfc8 22. e4 $1 Bxb4 23. Rxb4 Qxb4 24. Qf6 Qc3 25.
e5 $18) 20. Rc7 $16) 16... Bg4 (16... Be6 17. Be2 Nc4 18. Nc5 Nxa3 19. Qb3 $13)
(16... Nxd3 17. Qxd3 Bf5 18. Qxd5 Bb2 $13) 17. Be2 Bxe2 18. Qxe2 Nc4 {Black is
dancing with his knight in order to grab the vulnerable a3 pawn.} (18... Rfc8
19. Nc5 $14) 19. Nc5 Rfd8 (19... Rfe8 20. Nd7 Qc6 21. Nxf6+ Qxf6 22. Qd3 $14) (
19... Rad8 20. e4 Nxa3 21. exd5 Qxb4 22. Qf3 Bd4 23. Nb3 $14) 20. e4 $1 Nxa3
21. exd5 Qxb4 (21... Rxd5 $2 22. Qf3 (22. Qa2 Rf5) 22... Rf5 (22... Rd4 23. Be3
$16) 23. g4 $16) 22. Qf3 Nb5 $2 {The retreat of the knight is objectively a
second rate move. The most exact bishop move to e7 would have limited the
damage and secured equality.} (22... Bd4 23. Be3 Bxe3 24. fxe3 f5 25. Ne6 Rd7
26. e4 $1 $36) (22... Nc4 23. Ne4 Bg7 24. d6 $44) (22... Be7 $1 23. Be3 (23. d6
Bxd6 24. Bxd6 Rxd6 25. Nxb7 Rb6 26. Nd6 Rf8 $11) 23... Rac8 24. d6 Bxd6 25.
Nxb7 Re8 $11) 23. Be3 Bg7 (23... Be5 $5 24. Nxb7 (24. Rb1 $2 Qh4 25. g3 Qc4 26.
Nxb7 Qxd5 $17) 24... Re8 25. Rb1 Qa4 26. Nc5 $14) 24. Rb1 Qc4 25. Nxb7 Rf8 $6 (
25... Rd7 26. Na5 Qa4 (26... Qxd5 $2 27. Rxb5 $18) 27. Nb3 $16) 26. Na5 Qa4 27.
Nc6 Nc3 (27... a5 28. Bc5 Rfe8 29. Ne7+ Kh8 30. Qxf7 $16) 28. Rb4 Qc2 (28...
Qa6 29. Ne7+ Kh8 30. Rh4 Ne2+ (30... Qe2 31. Qh3 h5 32. g4 $1 $18) 31. Kh1 Nf4
$1 32. Rd1 Qf6 33. Qxf4 Qxe7 34. Bd4 $16) 29. d6 $6 {In a complex position
even two strong grandmasters find it pretty challenging to play the most exact
moves. Illescas could have eliminated Black's counterplay with the move 29.
Bxa7!} (29. Ne7+ Kh8 30. Rh4 h5 31. Re1 $16) (29. Bxa7 $1 Rae8 30. d6 $16)
29... a5 $1 (29... Qd3 30. Bc5 Qxf3 31. gxf3 Nd5 32. Ra4 $16) 30. Rh4 (30. Rb7
a4 31. Rxf7 Ne2+ 32. Kh1 Qc4 33. Rxf8+ Rxf8 34. Ne7+ (34. Qd5+ Qxd5 35. Ne7+
Kf7 36. Nxd5 a3 $17) 34... Kh8 35. Qd5 Ng3+ $1 (35... Qxd5 $2 36. Nxd5 Rd8 37.
Bc5 $16) 36. hxg3 Qxf1+ 37. Kh2 Qe2 $13) 30... h5 (30... a4 31. Ne7+ Kh8 32.
Rxh7+ $1 Kxh7 33. Qh3+ Bh6 34. Qxh6#) 31. d7 $2 {The straightforward way might
not been the best. Much more unpleasant for Black was the attacking move on
the kingside 31.Bg5!?} (31. Bg5 $5 Ra6 (31... Qe2 32. d7 f6 33. Qxc3 fxg5 34.
Qb3+ Kh7 35. Rh3 $16) 32. Ne7+ Kh8 33. g4 Ne2+ (33... Qe2 34. gxh5 Qxf3 35.
hxg6+ Bh6 36. Rxh6+ Kg7 37. Rh7#) 34. Kh1 Qc5 35. Qe3 Qxe3 36. fxe3 $18) 31...
a4 (31... Rad8 $1 32. Nxd8 Rxd8 $14) 32. Bb6 (32. Bg5 a3 $1 $13) 32... a3 $1 (
32... Qe2 33. d8=Q Rfxd8 34. Bxd8 Qxf3 35. gxf3 a3 36. Ba5 a2 37. Kg2 $16) 33.
d8=Q Raxd8 34. Bxd8 a2 {White has won the pawn, but not the game. The
counterplay with the mighty a-pawn should be sufficient for the draw.} 35. Bf6
(35. g3 Qe2 $1 (35... Ne2+ $2 36. Kg2 a1=Q 37. Ne7+ Kh7 (37... Kh8 38. Rxa1
Bxa1 39. Nxg6+ $1 Qxg6 40. Rxh5+ Kg7 41. Rg5 $18) 38. Rxa1 Bxa1 39. Rxh5+ $1
Kg7 (39... gxh5 40. Qxh5+ Kg7 41. Nf5+) 40. Nf5+ $1 Kg8 41. Nh6+ Kg7 42. Be7
$18) (35... Qb1 36. Bg5 Qxf1+ 37. Kxf1 a1=Q+ 38. Kg2 Qd1 (38... Qb1 39. Ne7+
Kh8 40. g4 Qb5 41. Bf6 $18) 39. Qxd1 Nxd1 40. Ne7+ Kh7 41. g4 $1 Bh6 42. Bf6
Rd8 43. gxh5 g5 44. Rd4 Rxd4 45. Bxd4 Bg7 $14) 36. Qxe2 Nxe2+ $11) 35... Bxf6
36. Qxf6 Qb2 $1 37. Ne7+ Kh7 38. Qa6 {[%mdl 64] Illescas is a brave man and he
tries to play for win in a precarious position. Objectively speaking taking a
draw with perpetual was the best solution.} (38. Rxh5+ $1 gxh5 39. Qf5+ Kh6 40.
Qf6+ $11) 38... Ne2+ (38... Qe2 $1 39. Ra4 $1 (39. Qa5 $2 Rb8 $1 40. Qxc3 Rb1
$19) (39. Qxe2 $2 Nxe2+ 40. Kh1 Rb8 $19) 39... Qxf1+ $3 (39... Rb8 40. Rxa2
Qxa2 41. Qxa2 Nxa2 $11) (39... Qxe7 40. Ra3 Qb4 41. Rxc3 Qxc3 42. Qxa2 $11) 40.
Kxf1 (40. Qxf1 Nxa4 41. Nc6 (41. Qa1 Rd8 42. Nc6 Rd2 43. Nb4 Nc3 44. Nxa2 Rd1+
45. Qxd1 Nxd1 $11) 41... Nc3 42. Qa1 Ra8 43. h3 Ra6 $1 44. Nb4 Rd6 45. Nxa2
Rd1+ $11) 40... Rb8 $1 41. Re4 $3 Nxe4 (41... Rb1+ $2 42. Re1 $18) 42. Qxa2
Rb1+ $1 43. Qxb1 (43. Ke2 $4 Nc3+ $19) 43... Nd2+ 44. Ke2 Nxb1 45. Kd3 Na3 $11)
39. Kh1 Qb1 40. Rxh5+ $1 gxh5 (40... Kg7 $4 41. Nf5+ Kg8 (41... gxf5 42. Qh6+
Kg8 43. Rg5#) 42. Rh8+ $1 Kxh8 43. Qf6+ Kg8 44. Qg7#) 41. Qxe2 Qxf1+ $4 {
Narciso spoils the fascinating game with a terrible blunder. After 41...Rb8!
it was White who had to look for draw with perpetual check.} (41... Rb8 $1 42.
Qxh5+ Kg7 43. Qe5+ Kf8 (43... f6 44. Nf5+ Kg6 45. Nh4+) 44. Qh8+ Kxe7 45. Qe5+
$11) 42. Qxf1 Rb8 43. Qd3+ Kg7 (43... Kh6 44. Qd2+ $18) (43... Kh8 44. Qc3+ Kh7
45. Qc2+) 44. Nf5+ Kh7 (44... Kg8 45. Qg3+ $18) 45. Nh6+ $1 Kg7 (45... Kxh6 46.
Qd2+ $18) 46. Qc3+ f6 47. Nf5+ {The coordinated effort of the queen and knight
will be sucessful and with the fall of the a2-pawn the game is over.} (47. Qg3+
$2 Kxh6 48. Qe3+ Kg6 49. Qd3+ Kg7 $11) 47... Kg6 48. Nh4+ Kg7 49. Qg3+ Kh7 (
49... Kf7 50. Qc7+ Ke6 51. Qc4+) 50. Qg6+ Kh8 51. Qxf6+ 1-0